000 01827 a2200517 4500
001 52632
003 ES-MaCES
005 20260113103110.0
008 230119s2015 sp ||||| |||| ||||||spa|d
017 _aM 35367-2015
_bDL
020 _a9788437507354
040 _aES-MaCES
_bspa
_cES-MaCES
041 1 _aspa
_heng
100 1 _910437
_aDeaton, Angus
245 1 3 _aEl gran escape
_b: salud, riqueza y los orígenes de de la desigualdad
_cAngus Deaton ; tr., Ignacio Perrotini
250 _a1ª ed. en sp
260 _aMadrid
_bFCE, Fondo de cultura económica de España
_c2015
300 _a403 p.
_c21 cm
490 1 _aEconomía
500 _aTraducción de: The great escape, health, wealth and the originins of inequality
500 _aEn la cub.: Premio Nobel de Economía 2015
504 _aBibliografía: p. 365-387
541 _cCompra
650 4 _928680
_asalud
650 4 _929809
_aesperanza de vida
650 4 _929375
_ariqueza
650 4 _927109
_adistribución del ingreso
650 4 _929371
_adesigualdad económica
650 4 _930789
_adesigualdad social
650 4 _929372
_adesigualdad regional
650 4 _927091
_apaís desarrollado
650 4 _927092
_apaís en desarrollo
650 4 _926634
_aayuda al desarrollo
650 4 _927014
_apolítica de desarrollo
650 4 _930653
_aglobalización económica
650 4 _929849
_aeconomía del bienestar
650 4 _927076
_ateoría económica
650 4 _927251
_ahistoria
653 _aCondiciones económicas
700 1 _937546
_aPerrotini Hernández, Ignacio
_etr.
710 2 _aFondo de Cultura Económica
_eed.
_93614
740 4 2 _aThe great escape, health, wealth and the originins of inequality
830 0 _aSección de obras de Economía
_934059
902 _aLIB Libro
942 _2CES
_cBK
_h0.0.
999 _c52632
_d52632